| 000 | 01050nam a2200325 4500 | ||
|---|---|---|---|
| 001 | |||
| 003 | DO-SdBPM | ||
| 005 | 20250821105728.0 | ||
| 008 | 040820s1999 sp | ||| ||spa | ||
| 020 | _a8567015314 | ||
| 040 |
_aBPMSU _bspa _cBPMSU _drda |
||
| 082 | 4 |
_aR469.36 _bES77p 1999 _222 |
|
| 245 | 1 | 0 |
_a Español-portugués, portugués -espanhol : _bdiccionario práctico / _cHelena B. C. Pereira |
| 246 | 1 | 3 | _aDicccionario práctico |
| 260 | _c | ||
| 264 |
_aMéxico : _bEdiciones Larousse, _c1999 |
||
| 300 |
_a631 páginas ; _c20 cm _b |
||
| 336 |
_atexto _bn _2rdacontent |
||
| 337 |
_asin mediación _bn _2rdamedia |
||
| 338 |
_avolumen _bnc _2rdacarrier |
||
| 505 | 0 | _av. 1 : Diccionario de la lengua española | |
| 590 | _aInventariado, 2025/VM | ||
| 590 | _6Inventariado, 2025/VM | ||
| 650 |
_aEspañol _vDiccionarios _xPortugués _2 |
||
| 650 | 7 |
_aPorgtugués _vDiccionarios _xEspanhol |
|
| 700 | 1 |
_aPereira, Helena B. C. _e |
|
| 710 | 2 | _a Larousse | |
| 910 | _aVMateo V. Control de calidad. BPMSU | ||
| 942 |
_2ddc _cBK |
||
| 999 |
_c15343 _d15343 |
||